Culture Générale - Série 2089 - Statistiques

Statistiques générales
  • Ce quiz a été pris 106 fois
  • Le résultat moyen est 5 sur 10
Statistiques - réponses
Question Réponse % Correct
Quel animal était appelé au Moyen-Âge "goupil" ? renard
96%
Quel pays a pour capitale Ljubljana ? Slovénie
85%
Quel était l’instrument de prédilection de Yehudi Menuhin ? violon
72%
Quel est le premier long métrage d’animation des studios Walt Disney ? Blanche Neige et les Sept Nains
66%
Dans quel état des États-Unis le Grand Canyon se trouve-t-il ? voir photo Arizona
62%
Quel auteur russe a écrit « L’Idiot » ? Fiodor Dostoïevski
48%
Quel groupe anglais avait pour leader Mark Knoplfer dès 1978 ? Dire Straits
39%
Quel philosophe a écrit "Léviathan" en 1651 ? Thomas Hobbes
29%
Quel fleuve traverse le Liban, la Syrie et la Turquie ? Oronte
10%
Quel est le nom de l’opération française en Centrafrique lancée en 2013 ? Sangaris
10%
Aucun quiz correspondant
Distribution des résultats
% des personnes avec chaque résultat
Percentile par nombre de réponses
Votre historique - résultats
Vous n’avez pas pris ce quiz